Israel Players Biggest Transfers - Statistics

General Stats
  • This quiz has been taken 36 times
  • The average score is 20 of 85
Answer Stats
Player From Joined % Correct
RW Yossi Benayoun 07/08 West Ham United Liverpool
93%
RW Yossi Benayoun 10/11 Liverpool Chelsea
93%
RW Yossi Benayoun 05/06 Racing Santander West Ham United
93%
ST Eran Zahavi 16/17 Maccabi Tel Aviv Guangzhou R&F
64%
ST Eran Zahavi 11/12 Hapoel Tel Aviv Palermo
64%
ST Munas Dabbur 19/20 RB Salzburg Sevilla
64%
ST Munas Dabbur 19/20 Sevilla Hoffenheim
64%
ST Munas Dabbur 16/17 Grasshoppers RB Salzburg
64%
ST Munas Dabbur 23/24 Hoffenheim Shabab Al-Ahli
64%
LW Manor Solomon 18/19 Maccabi Petah Tikva Shakhtar Donetsk
61%
CB Tal Ben Haim 08/09 Chelsea Manchester City
57%
LW Tal Ben Haim 17/18 Maccabi Tel Aviv Sparta Prague
57%
LW Tal Ben Haim 13/14 Hapoel Tel Aviv Maccabi Tel Aviv
57%
GK Daniel Peretz 23/24 Maccabi Tel Aviv Bayern Munich
46%
AM Oscar Gloukh 22/23 Maccabi Tel Aviv RB Salzburg
43%
ST Shon Weissman 20/21 Wolfsberger Real Valladolid
43%
ST Shon Weissman 23/24 Real Valladolid Granada
43%
RW Liel Abada 21/22 Maccabi Petah Tikva Celtic
39%
ST Tomer Hemed 15/16 Almeria Brighton & Hove Albion
36%
LW Yonatan Cohen 21/22 Maccabi Tel Aviv Pisa
29%
LW Yonatan Cohen 23/24 Pisa Maccabi Tel Aviv
29%
AM Dan Biton 19/20 Ashdod Ludogorets Razgrad
21%
AM Dan Biton 21/22 Ludogorets Razgrad Maccabi Tel Aviv
21%
ST Dean David 21/22 Ashdod Maccabi Haifa
21%
AM Eyal Berkovic 99/00 West Ham United Celtic
21%
AM Eyal Berkovic 97/98 Maccabi Haifa West Ham United
21%
AM Eyal Berkovic 01/02 Celtic Manchester City
21%
AM Lior Refaelov 11/12 Maccabi Haifa Club Brugge
21%
GK Omri Glazer 23/24 Hapoel Beer Sheva Crvena Zvezda
21%
LW Ronny Rosenthal 90/91 Standard Liege Liverpool
21%
ST Ben Sahar 09/10 Chelsea Espanyol
18%
CM Beram Kayal 10/11 Maccabi Haifa Celtic
18%
GK Dudu Aouate 08/09 Deportivo La Coruna Mallorca
18%
AM Michael Ohana 19/20 Hapoel Beer Sheva Beitar Jerusalem
18%
AM Michael Ohana 16/17 Ashdod Hapoel Beer Sheva
18%
RW Omer Atzili 23/24 Maccabi Haifa Al-Ain
18%
RW Omer Atzili 17/18 Granada Maccabi Tel Aviv
18%
ST Omer Damari 14/15 Austria Vienna RB Leipzig
18%
ST Omer Damari 11/12 Maccabi Petah Tikva Hapoel Tel Aviv
18%
ST Omer Damari 14/15 Hapoel Tel Aviv Austria Vienna
18%
CM Omri Gandelman 23/24 Maccabi Netanya Gent
18%
AM Avi Nimni 97/98 Maccabi Tel Aviv Atletico Madrid
14%
AM Dia Saba 18/19 Hapoel Beer Sheva Guangzhou R&F
14%
AM Dia Saba 20/21 Guangzhou City Al-Nasr
14%
AM Dia Saba 18/19 Maccabi Netanya Hapoel Beer Sheva
14%
LB Doron Leidner 22/23 Hapoel Tel Aviv Olympiacos
14%
LW Eliran Atar 13/14 Maccabi Tel Aviv Reims
14%
AM Gadi Kinda 20/21 Beitar Jerusalem Sporting Kansas City
14%
AM Gadi Kinda 18/19 Ashdod Beitar Jerusalem
14%
ST Itay Shechter 11/12 Hapoel Tel Aviv Kaiserslautern
14%
RW Maor Buzaglo 08/09 Maccabi Haifa Maccabi Tel Aviv
14%
LB Taleb Tawatha 16/17 Maccabi Haifa Eintracht Frankfurt
14%
DM Eden Karzev 22/23 Maccabi Netanya Istanbul Basaksehir
11%
AM Haim Revivo 00/01 Celta Vigo Fenerbahce
11%
AM Haim Revivo 96/97 Maccabi Haifa Celta Vigo
11%
CM Mohammed Abu Fani 23/24 Maccabi Haifa Ferencvaros
11%
ST Omer Golan 07/08 Maccabi Petah Tikva Lokeren
11%
RW Osher Davida 22/23 Hapoel Tel Aviv Standard Liege
11%
ST Roberto Colautti 07/08 Maccabi Haifa Borussia Monchengladbach
11%
ST Tai Baribo 23/24 Wolfsberger Philadelphia Union
11%
ST Yonas Malede 20/21 Maccabi Netanya Gent
11%
ST Barak Itzhaki 10/11 Beitar Jerusalem Maccabi Tel Aviv
7%
ST Barak Itzhaki 08/09 Genk Beitar Jerusalem
7%
ST Barak Itzhaki 07/08 Beitar Jerusalem Genk
7%
LM Baruch Dego 00/01 Ashdod Maccabi Tel Aviv
7%
DM David Keltjens 19/20 Beitar Jerusalem Hapoel Beer Sheva
7%
CM Eden Shamir 19/20 Hapoel Beer Sheva Standard Liege
7%
CB Hatem Elhamed 19/20 Hapoel Beer Sheva Celtic
7%
CB Hatem Elhamed 17/18 Ashdod Hapoel Beer Sheva
7%
CB Hatem Elhamed 15/16 Ashdod Gent
7%
DM Idan Tal 00/01 Maccabi Petah Tikva Everton
7%
LB Ofir Davidzada 16/17 Hapoel Beer Sheva Gent
7%
LW Or Inbrum 17/18 Ashdod Gent
7%
CB Raz Shlomo 23/24 Maccabi Netanya OH Leuven
7%
CM Roi Kehat 16/17 Austria Vienna Maccabi Haifa
7%
LW Yarden Shua 20/21 Maccabi Haifa Beitar Jerusalem
7%
LW Yarden Shua 18/19 Bnei Yehuda Maccabi Haifa
7%
CM Ben Reichert 15/16 Maccabi Tel Aviv Hapoel Tel Aviv
4%
RB Dor Elo 17/18 Maccabi Petah Tikva Hapoel Beer Sheva
4%
ST Eden Ben Basat 12/13 Brest Toulouse
4%
AM Itzik Zohar 97/98 Beitar Jerusalem Crystal Palace
4%
LB Najwan Ghrayib 99/00 Hapoel Haifa Aston Villa
4%
LW Salim Tuama 07/08 Hapoel Tel Aviv Standard Liege
4%
ST Shlomi Arbeitman 10/11 Maccabi Haifa Gent
4%
DM Walid Badir 99/00 Hapoel Petah Tikva Wimbledon
4%
No matching quizzes found
Score Distribution
Percent of People with Each Score
Percentile by Number Answered
Your Score History
You have not taken this quiz